LEADER 01126nam a2200301 u 4500 001 000000058755 003 CaOOAMICUS 005 20070226120727.0 008 010612s1991 it u000 u ita u 020 $a8842006963 035 $a10892374 040 $aPUL(R)$bita 100 1 $aReale, Giovanni,$d1931-2014.$0(OLS)http://pul/name/667 245 10$aIntroduzione a Aristotele /$cdi Giovanni Reale. 250 $a6. ed. 260 $aRoma :$bLaterza,$c1991. 300 $a246 p. ;$c18 cm 490 1 $aI filosofi ;$v22 504 $aBibliografia: p. 201-[241] 600 04$aAristoteles,$d384-322 a.C.$xFilosofia.$0(OLS)http://pul/subject/75 830 2$aI filosofi (Laterza) ;$v22.$0(OLS)http://pul/title/7858 850 $aPUL 852 $aPUL$W1$xDP1 Altre Collocazioni$y17$m80 M 5$j76713$nBK-PRI$b $qStampati$B76713$CPULBib$Z2$F76713 $H $81 941 1 $a8 961 $aINV: 73282 996 $6020$a8842006963$9(OLS)http://pul/number/74566 996 $6245$aIntroduzione a Aristotele$9(OLS)http://pul/title/78727 996 $6260$aRoma :$bLaterza$9(OLS)http://pul/publisher/47864 LEADER 01173nam a2200277 a 4500 001 000000132854 003 CaOOAMICUS 005 20210526141847.0 008 130218s1962 inu u000 u eng r 032 $aLibriCat 040 $aPUL$bita 082 04$a301.1 100 1 $aSimon, Yves,$d1903-1961.$0(OLS)http://pul/name/32723 245 12$aA general theory of authority /$cby Yves R. Simon ; with an introduction by A. Robert Caponigri. 260 $aNotre Dame (Indiana) :$bUniversity of Notre Dame Press,$c1962. 300 $aXII, 167 p. ;$c24 cm 504 $aBibliografia in nota. 650 4$aAutoritą.$0(OLS)http://pul/subject/9446 700 1 $aCaponigri, Robert A.$0(OLS)http://pul/name/38614 850 $aPUL 852 $aPUL$W1$xSL Diritto e Scienze Sociali 3$y79$m301. 1 SIMYV 1$j152780$qDDC 21$B152231$CPULBib$Z2$F152231 $H121676 $82 941 1 $a9 996 $6082$a301.1$9(OLS)http://pul/classification/2460 996 $6245$aA general theory of authority$9(OLS)http://pul/title/167848 996 $6260$aNotre Dame (Indiana) :$bUniversity of Notre Dame Press$9(OLS)http://pul/publisher/55089